Motion pictures in the classroom ; an experiment to measure the value of motion pictures as supplementary aids in regular classroom instruction /

Bibliographic Details
Main Author: Wood, Benjamin De Kalbe, 1894-
Corporate Author: Eastman Kodak Company of New York
Other Authors: Freeman, Frank N. (Frank Nugent), 1880-1961
Format: Book
Language:English
Published: Boston, New York [etc.] : Houghton Mifflin company, [1929]
Subjects:

MARC

Tag First Indicator Second Indicator Subfields
LEADER 00000cam a2200000 4500
001 in00000063255
005 20151008051728.0
008 750801s1929 mau b 00000 eng u
010 |a  29019431  
035 |a (OCoLC)01499258 
035 |9 AAG9657AM 
040 |c CHS  |d TXA  |d UtOrBLW 
049 |a TXAM  |c 1 [144290] 
050 0 0 |a LB1044  |b .W65 
092 |a 371.33523  |b W873m 
096 |a LB 1043 W873m 1929 
100 1 |a Wood, Benjamin De Kalbe,  |d 1894- 
245 1 0 |a Motion pictures in the classroom ;  |b an experiment to measure the value of motion pictures as supplementary aids in regular classroom instruction /  |c by Ben D. Wood [and] Frank N. Freeman. 
264 1 |a Boston,  |a New York [etc.] :  |b Houghton Mifflin company,  |c [1929] 
264 4 |c [©1929] 
300 |a xii, 392 pages :  |b xii plate on 7 ., tables (part double) diagrams ;  |c 19 1/2 cm. 
336 |a text  |b txt  |2 rdacontent 
337 |a unmediated  |b n  |2 rdamedia 
338 |a volume  |b nc  |2 rdacarrier 
500 |a An investigation of 2 years duration, sponsored by the Eastman kodak company. cf. Introduction. 
504 |a Contains "References". 
650 0 |a Motion pictures in education. 
700 1 |a Freeman, Frank N.  |q (Frank Nugent),  |d 1880-1961. 
710 2 |a Eastman Kodak Company of New York. 
999 |a MARS 
999 f f |s 08b97f60-967d-3df5-8127-210461ac1a72  |i 486b50cf-4690-3c3b-9083-01b367add70b  |t 0 
952 f f |p normal  |a Texas A&M University  |b College Station  |c Sterling C. Evans Library  |d Evans: Library Stacks  |t 0  |e LB1044 .W65  |h Library of Congress classification  |i unmediated -- volume  |m A14800836660 
998 f f |a LB1044 .W65  |t 0  |l Evans: Library Stacks